Pokemon-Typenkombinationen, die gegenseitig keine Wirkung haben - Statistiken

Allgemein
  • Dieses Quiz wurde 13 mal gespielt
  • Das Durchschnittsergebnis liegt bei 10 aus 15
Antwortstatistiken
Typen Pokemon % Korrekt
Drache/Fee Altaria (Mega)
82%
Boden/Elektro Flunschlik
82%
Kampf/Geist Marshadow
82%
Normal/Geist Zorua (H)
82%
Unlicht/Psycho Iscalar
73%
Boden/Flug Skorgla
73%
Boden/Flug Skorgro
73%
Normal/Geist Zoroark (H)
73%
Unlicht/Psycho Calamanero
64%
Stahl/Gift Knattatox
64%
Stahl/Gift Knattox
64%
Boden/Flug Demeteros
45%
Kampf/Geist Epitaff
45%
Psycho/Unlicht Hoopa (eF)
27%
Elektro/Boden Sandfell
27%
Keine übereinstimmenden Quizze gefunden
Verteilung der Resultate
Anzahl Personen mit jedem Resultat
Perzentil nach korrekt beantworteten Fragen
Ihre Resultats-Entwicklung
Sie haben dieses Quiz noch nicht gespielt